00530nam a2200193 a 4500001001300000003000900013005001700022008004100039020001000080082001600090100002000106245007100126260005500197300000900252500003500261505001000296650001900306650001100325nice12345678IN_TiNIC20260116013550.0050524s1993 cola grp 000 0 eng  ac94000a295.38bWIL aWilliams, Ron G aRitual Art and Knowledgeb Acsthetic Theory and Zoroastrian Ritual aColumbiabUniversity of South Caroline Pressc1993 a200p aincludes index and biblioraphy2 aIndex aZoroastrianism aRitual